[Event "Sydney op-A"]
[Site "Parramatta"]
[Date "2013.04.04"]
[Round "3"]
[White "Nazari, Sattar"]
[Black "Zheng, Shucheng"]
[Result "1-0"]
[WhiteElo "2163"]
[BlackElo "1852"]
[PlyCount "51"]
[EventDate "2013.04.03"]
[EventType "swiss"]
[EventRounds "9"]
[EventCountry "AUS"]
[SourceTitle "EXT 2023"]
[Source "ChessBase"]
[SourceDate "2022.10.05"]
[SourceVersion "1"]
[SourceVersionDate "2022.10.05"]
[SourceQuality "1"]

1. e4 e6 2. d4 d5 3. Nd2 c5 4. exd5 Qxd5 5. Ngf3 cxd4 6. Bc4 Qd6 7. 0-0 Nf6 8. Nb3 Nc6 9. Nbxd4 Nxd4 10. Nxd4 a6 11. a4 Bd7 12. c3 Qc7 13. Qe2 Bd6 14. h3 0-0 15. Bg5 Nh5 16. Bxe6 fxe6 17. Qxh5 Qc5 18. Qg4 Rf7 19. Nb3 Qb6 20. Qd1 Bg3 21. Be3 Bxf2+ 22. Bxf2 Rxf2 23. Rxf2 Rf8 24. Nd4 Rxf2 25. Kxf2 e5 26. Qb3+ 1-0

[Event "Sydney op-A"]
[Site "Parramatta"]
[Date "2013.04.03"]
[Round "2"]
[White "Johansen, Darryl Keith"]
[Black "Nazari, Sattar"]
[Result "1-0"]
[WhiteElo "2430"]
[BlackElo "2163"]
[PlyCount "77"]
[EventDate "2013.04.03"]
[EventType "swiss"]
[EventRounds "9"]
[EventCountry "AUS"]
[SourceTitle "EXT 2023"]
[Source "ChessBase"]
[SourceDate "2022.10.05"]
[SourceVersion "1"]
[SourceVersionDate "2022.10.05"]
[SourceQuality "1"]

1. c4 Nf6 2. Nc3 c5 3. g3 g6 4. Bg2 Bg7 5. e3 0-0 6. Nge2 d6 7. 0-0 Nbd7 8. d4 a6 9. b3 Rb8 10. a4 b6 11. Bb2 Bb7 12. e4 e5 13. dxe5 dxe5 14. Qc2 Qc7 15. Rfd1 Rbd8 16. a5 bxa5 17. Ra2 Nb8 18. Nd5 Nxd5 19. cxd5 Nd7 20. Bc3 Rb8 21. Bxa5 Qd6 22. Nc3 f5 23. Bh3 f4 24. Na4 Bc8 25. Rb1 g5 26. Be6+ Kh8 27. Nb2 Nb6 28. Bxb6 Qxb6 29. Nc4 Qc7 30. Qe2 Bxe6 31. dxe6 Qc6 32. e7 Rfe8 33. Rd1 Rxe7 34. Rd6 Qc8 35. Qh5 Rxb3 36. Rad2 Re8 37. Rd7 f3 38. h3 Rg8 39. Nxe5 1-0